| 000 | 00831nac a22002051u 4500 | ||
|---|---|---|---|
| 010 | _a 00689235 | ||
| 020 | _a1878707485 | ||
| 082 | 0 | 0 |
_a621.381 _bM6629 |
| 090 |
_c5095 _d5095 |
||
| 100 | _aMims, Forrest M. | ||
| 245 | 1 | 4 |
_aThe Forrest Mims circuit scrapbook / _cby Forrest M. Mims III. |
| 246 | 3 | 0 | _aCircuit scrapbook |
| 260 |
_aEagle Rock, VA : _bLLH Technology Pub.,2000 _c2000 |
||
| 300 |
_a1v : _bill. ; _c28 cm. |
||
| 650 | 0 |
_aElectronics _vAmateurs' manuals. |
|
| 856 | 4 | 2 |
_3Publisher description _uhttp://www.loc.gov/catdir/description/els031/00689235.html |
| 856 | 4 | 2 |
_3Table of contents _uhttp://www.loc.gov/catdir/toc/els031/00689235.html |
| 942 |
_cTB _k621.381M6629 |
||
| 999 |
_c5095 _d5095 |
||